000 00642nam a2200193 4500
999 _c169168
_d169168
005 20191107141649.0
010 _aENG-126850
020 _a9788193555422
_c800.00
035 _aEN-110382
037 _bDBAD/PUB
082 _a954.09
100 _aSrinivas, V.
245 _aTowards a new India :
_cby V.Srinivas
_bgovernance transformed 2014-2019 /
260 _aNew Delhi
_bKonark Publishers
_c2019
270 _a206, First Floor, Peacock Lane, Shahpur Jat
_bNew Delhi
_e110049
_k+911141055065
_mindia@konarkpublishers.com
300 _axxii;202p
_c23cm(Hb)
500 _aIncludes index
942 _2ddc
_cEN
_h954.09
_mSRI